000 00755cab a2200205 4500
001 ABS39752
008 090401t1988 xxu||||| |||| 00| 0 eng d
035 _a(Sirsi) u18789
041 _aeng
100 _aCrawley, F.
245 _aEstate agency: involvement of financial institutions
260 _c1988
350 _a0
490 _aEstates Gazette
_v(8836) 10 September 1988, 30-31(2)
520 _aFred Crawley, the former deputy chief executive of Lloyds Bank and Chairman of Black Horse Agencies , reflects on the Bank`s involvement in the residential estate agency market over the past six years.
650 _aFINANCIAL INSTITUTIONS
690 _aMANAGEMENT-BUSINESS MANAGEMENT-PROFESSIONAL PRACTICE
942 _n0
948 _c04/03/1997
999 _c12503
_d12503